<?xml version='1.0' encoding='UTF-8'?>
  <record xmlns="http://www.loc.gov/MARC21/slim">
    <leader>00000cam a2200000Mi 4500</leader>
    <controlfield tag="001">ocm64325140</controlfield>
    <controlfield tag="003">OCoLC</controlfield>
    <controlfield tag="005">20241101220432.8</controlfield>
    <controlfield tag="008">861103s1664    ne            000 0 dut d</controlfield>
    <datafield tag="040" ind1=" " ind2=" ">
      <subfield code="a">NLGGC</subfield>
      <subfield code="b">dut</subfield>
      <subfield code="e">fobidrtb</subfield>
      <subfield code="c">NLGGC</subfield>
      <subfield code="d">L2U</subfield>
      <subfield code="d">NLRIJ</subfield>
      <subfield code="d">OCLCO</subfield>
      <subfield code="d">OCLCA</subfield>
      <subfield code="d">OCLCL</subfield>
    </datafield>
    <datafield tag="066" ind1=" " ind2=" ">
      <subfield code="c">(S</subfield>
    </datafield>
    <datafield tag="029" ind1="0" ind2=" ">
      <subfield code="a">NLGGC</subfield>
      <subfield code="b">865045984</subfield>
    </datafield>
    <datafield tag="035" ind1=" " ind2=" ">
      <subfield code="a">(OCoLC)64325140</subfield>
    </datafield>
    <datafield tag="041" ind1="1" ind2=" ">
      <subfield code="a">dut</subfield>
      <subfield code="h">fre</subfield>
    </datafield>
    <datafield tag="100" ind1="1" ind2=" ">
      <subfield code="a">Bosse, Abraham,</subfield>
      <subfield code="d">1602-1676.</subfield>
      <subfield code="1">https://id.oclc.org/worldcat/entity/E39PBJjCPqTPK7mWfF6r9Thj4q</subfield>
    </datafield>
    <datafield tag="245" ind1="1" ind2="0">
      <subfield code="a">Algemeene manier van de hr. Desargues, tot de practijck der perspectiven, gelijck tot die der meet-kunde, met de kleyne voet-maat, mitsgaders der plaatsen, en proportien van de stercke en flaauwe rakingen, of kleuren /</subfield>
      <subfield code="c">bij-een-gevoeght door Abraham Bosse ; uyt het Frans vertaalt door J. Bara.</subfield>
    </datafield>
    <datafield tag="246" ind1="3" ind2=" ">
      <subfield code="a">Algemeene manier van Desargues</subfield>
    </datafield>
    <datafield tag="246" ind1="3" ind2=" ">
      <subfield code="a">Desargues Algemeene regels der perspective en der meetkunde</subfield>
    </datafield>
    <datafield tag="246" ind1="3" ind2=" ">
      <subfield code="a">Algemeene manier tot de practijck der perspectiven</subfield>
    </datafield>
    <datafield tag="260" ind1=" " ind2=" ">
      <subfield code="a">t'Amsterdam :</subfield>
      <subfield code="b">by Dancker Danckertsz. #woonende in de Kalver-straat, in de Danckbaarheyt#,</subfield>
      <subfield code="c">1664.</subfield>
    </datafield>
    <datafield tag="300" ind1=" " ind2=" ">
      <subfield code="a">[8], 288 p. :</subfield>
      <subfield code="b">ill. ;</subfield>
      <subfield code="c">in-8.</subfield>
    </datafield>
    <datafield tag="336" ind1=" " ind2=" ">
      <subfield code="a">tekst</subfield>
      <subfield code="b">txt</subfield>
      <subfield code="2">rdacontent/dut</subfield>
    </datafield>
    <datafield tag="337" ind1=" " ind2=" ">
      <subfield code="a">zonder medium</subfield>
      <subfield code="b">n</subfield>
      <subfield code="2">rdamedia/dut</subfield>
    </datafield>
    <datafield tag="338" ind1=" " ind2=" ">
      <subfield code="a">band</subfield>
      <subfield code="b">nc</subfield>
      <subfield code="2">rdacarrier/dut</subfield>
    </datafield>
    <datafield tag="500" ind1=" " ind2=" ">
      <subfield code="a">[pi]1 * 4 A-2N 4.</subfield>
    </datafield>
    <datafield tag="500" ind1=" " ind2=" ">
      <subfield code="a">Met gegraveerd titelblad: Desargues Algemeene regels der perspective en der meetkunde.</subfield>
    </datafield>
    <datafield tag="700" ind1="1" ind2=" ">
      <subfield code="a">Desargues, François,</subfield>
      <subfield code="d">fl. 1648.</subfield>
      <subfield code="1">https://id.oclc.org/worldcat/entity/E39PCjGqqtDYdXT3pB9gkC3JDq</subfield>
    </datafield>
    <datafield tag="700" ind1="1" ind2=" ">
      <subfield code="a">Bara, J.</subfield>
      <subfield code="q">(Johan),</subfield>
      <subfield code="d">fl. 1663-1666.</subfield>
      <subfield code="1">https://id.oclc.org/worldcat/entity/E39PBJpyvpwf8hdfWTrTwjCxXd</subfield>
    </datafield>
    <datafield tag="710" ind1="0" ind2=" ">
      <subfield code="a">Danckertsz, Dancker (Amsterdam)</subfield>
      <subfield code="4">prt</subfield>
      <subfield code="0">(NL-LeOCL)148552382</subfield>
    </datafield>
    <datafield tag="758" ind1=" " ind2=" ">
      <subfield code="a">Algemeene manier van de hr. Desargues (Text)</subfield>
      <subfield code="1">https://id.oclc.org/worldcat/entity/E39PCG3f6Cj8frVFCPBrRfpFDm</subfield>
      <subfield code="4">https://id.oclc.org/worldcat/ontology/hasWork</subfield>
    </datafield>
    <datafield tag="776" ind1="0" ind2=" ">
      <subfield code="t">Algemeene manier van de hr. Desargues, tot de practijck der perspectiven, gelijck tot die der meet-kunde, met de kleyne voet-maat, mitsgaders der plaatsen, en proportien van de stercke en flaauwe rakingen, of kleuren</subfield>
      <subfield code="w">(NL-LeOCL)402066839</subfield>
    </datafield>
    <datafield tag="776" ind1="0" ind2=" ">
      <subfield code="t">Algemeene manier van de hr. Desargues, tot de practijck der perspectiven, gelijck tot die der meet-kunde, met de kleyne voet-maat, mitsgaders der plaatsen, en proportien van de stercke en flaauwe rakingen, of kleuren</subfield>
      <subfield code="w">(NL-LeOCL)402066847</subfield>
    </datafield>
    <datafield tag="776" ind1="0" ind2=" ">
      <subfield code="t">Algemeene manier van de hr. Desargues, tot de practijck der perspectiven, gelijck tot die der meet-kunde, met de kleyne voet-maat, mitsgaders der plaatsen, en proportien van de stercke en flaauwe rakingen, of kleuren</subfield>
      <subfield code="w">(NL-LeOCL)402066855</subfield>
    </datafield>
    <datafield tag="880" ind1=" " ind2=" ">
      <subfield code="6">500-00</subfield>
      <subfield code="a">π1 * 4 A-2N 4.</subfield>
    </datafield>
  </record>